000 00509nab a2200145Ia 4500
003 ES-SlBCS
005 20210601135238.0
008 140529s2010 xxu||||| |||| 00| 0 spa d
041 _aspa
100 1 _aGarcía Galindo, Juan Antonio
_985036
245 0 0 _aLa opinión pública en la sociedad de la información: un fenómeno social en permanente cambio
_c Juan Antonio García Galindo
650 0 4 _aSociedad de la Información
_9116446
773 0 _tBrocar
_gnº. 34, 2010, págs. 273-288
_wRev99
942 _cAR
999 _c625080
_d625080